Reframing organizations : artistry, choice and leadership (Record no. 34337)

MARC details
000 -LEADER
fixed length control field 00501nam a2200193Ia 4500
020 ## - INTERNATIONAL STANDARD BOOK NUMBER
ISBN 1555422993
050 ## - CALL MARK
Classification number HD 31 .B613/
100 ## - STATEMENT OF RESPONSIBILITY--MAIN AUTHOR NAME
Personal name Bolman, Lee G.
245 #0 - TITLE STATEMENT
Title Reframing organizations : artistry, choice and leadership
250 ## - EDITION / VOLUME STATEMENT
Edition / Volume statement 1st ed.
260 ## - PUBLICATION, DISTRIBUTION, ETC. (IMPRINT)
Place of publication California
260 ## - PUBLICATION, DISTRIBUTION, ETC. (IMPRINT)
Name of publisher Jossey-Bass
260 ## - PUBLICATION, DISTRIBUTION, ETC. (IMPRINT)
Year of publication 1991
300 ## - PHYSICAL DESCRIPTION
Number of Pages 492 p
650 ## - SUBJECT ADDED ENTRY--TOPICAL TERM
Topical Term Management Organizational behavior Leadership
942 ## - ADDED ENTRY ELEMENTS (KOHA)
Koha item type Books
Holdings
Withdrawn status Lost status Source of classification or shelving scheme Damaged status Not for loan Permanent Location Current Location Date acquired Accession Number Price effective from Koha item type
    Library of Congress Classification     NILE UNIVERSITY OF NIGERIA - MAIN LIBRARY NILE UNIVERSITY OF NIGERIA - MAIN LIBRARY 04/23/2025 0010333 04/23/2025 Books